[Event "Sabadell op-B 10th"]
[Site "Sabadell"]
[Date "2017.09.08"]
[Round "8"]
[White "Caballe Sasot, Roger"]
[Black "Nadal Fajardo, Ricard"]
[Result "0-1"]
[WhiteElo "1849"]
[BlackElo "1945"]
[PlyCount "114"]
[EventDate "2017.09.01"]
[EventType "swiss"]
[EventRounds "9"]
[EventCountry "ESP"]
[SourceTitle "EXT 2019"]
[Source "ChessBase"]
[SourceDate "2018.10.10"]
[SourceVersion "1"]
[SourceVersionDate "2018.10.10"]
[SourceQuality "1"]

1. c4 Nf6 2. d4 c6 3. Nc3 d5 4. e3 g6 5. Nf3 Bg7 6. Be2 0-0 7. 0-0 h6 8. Bd2 Be6 9. c5 Nbd7 10. b4 a6 11. a4 Bg4 12. h3 Bxf3 13. Bxf3 e5 14. Qb3 exd4 15. exd4 Ne8 16. Be3 Nc7 17. Rab1 Ne6 18. Rfd1 Qh4 19. Ne2 Ng5 20. Bxg5 hxg5 21. Kh2 Nf6 22. g3 Qh8 23. Kg2 Rfe8 24. Qd3 Ne4 25. Bxe4 Rxe4 26. f3 Re6 27. Rb2 Rae8 28. Rdd2 Re3 29. Qb1 Bf8 30. Qd1 Qf6 31. Ng1 Bg7 32. Rb3 Re1 33. Qc2 Qe6 34. Rb1 Rxb1 35. Qxb1 Qe1 36. Qb2 Bf6 37. Re2 Rxe2+ 38. Nxe2 Bd8 39. a5 Bc7 40. f4 gxf4 41. gxf4 Bd8 42. Ng1 Qe4+ 43. Nf3 Qxf4 44. Qe2 Bc7 45. Qe8+ Kg7 46. Ne5 Qe4+ 47. Kf1 Qf5+ 48. Ke2 Qe6 49. Qxe6 fxe6 50. Nf3 Bf4 51. Kd3 Kf6 52. Ne1 Bg3 53. Nc2 Kg5 54. Na3 Kh4 55. b5 axb5 56. Nxb5 cxb5 57. c6 bxc6 0-1

[Event "Sabadell op-B 10th"]
[Site "Sabadell"]
[Date "2017.09.03"]
[Round "3"]
[White "Planella Sanchez, Jordi"]
[Black "Caballe Sasot, Roger"]
[Result "0-1"]
[WhiteElo "1954"]
[BlackElo "1849"]
[PlyCount "130"]
[EventDate "2017.09.01"]
[EventType "swiss"]
[EventRounds "9"]
[EventCountry "ESP"]
[SourceTitle "EXT 2019"]
[Source "ChessBase"]
[SourceDate "2018.10.10"]
[SourceVersion "1"]
[SourceVersionDate "2018.10.10"]
[SourceQuality "1"]

1. e4 c5 2. Nc3 Nc6 3. g3 g6 4. Bg2 Bg7 5. Nge2 e5 6. 0-0 Nge7 7. d3 0-0 8. Be3 d6 9. Qd2 Nd4 10. Rae1 Rb8 11. Nd1 Nxe2+ 12. Rxe2 b5 13. Bh6 b4 14. Bxg7 Kxg7 15. f4 Bg4 16. Bf3 Bxf3 17. Rxf3 f6 18. g4 Qd7 19. Rg2 exf4 20. Qxf4 g5 21. Qg3 Ng6 22. Ne3 Nh4 23. Nf5+ Nxf5 24. Rxf5 h6 25. Rgf2 Rb6 26. b3 Ra6 27. Rd5 Qe6 28. Rf1 Rd8 29. Ra1 Ra3 30. h3 Ra6 31. Kg2 Kg6 32. h4 Rh8 33. h5+ Kg7 34. Kf3 Re8 35. Qg1 Qf7 36. a4 bxa3 37. Qc1 Re5 38. c4 Rxd5 39. cxd5 f5 40. gxf5 Qxh5+ 41. Ke3 Qh2 42. Qc3+ Qe5 43. Qxe5+ dxe5 44. Ra2 Kf6 45. Kf3 h5 46. Kg3 Ra5 47. Kf3 g4+ 48. Kg3 Kg5 49. Kh2 h4 50. Kg2 Ra6 51. Kh2 Kf4 52. f6 Ke3 53. f7 Rf6 54. f8Q Rxf8 55. Rxa3 Rf7 56. Ra5 Kd4 57. Kg2 Kxd3 58. Rxc5 Kxe4 59. Rc4+ Kf5 60. d6 Rd7 61. Ra4 Rxd6 62. Rxa7 Rd2+ 63. Kg1 Kf4 64. b4 Rb2 65. Ra4 e4 0-1

[Event "Barcelona Tres Peons 8th"]
[Site "Barcelona"]
[Date "2016.01.13"]
[Round "1.3"]
[White "Vidarte Morales, Arturo"]
[Black "Caballe Sasot, Roger"]
[Result "1-0"]
[WhiteElo "2306"]
[BlackElo "1949"]
[PlyCount "89"]
[EventDate "2016.01.13"]
[EventType "swiss"]
[EventRounds "9"]
[EventCountry "ESP"]
[SourceTitle "EXT 2024"]
[Source "ChessBase"]
[SourceDate "2023.10.10"]
[SourceVersion "1"]
[SourceVersionDate "2023.10.10"]
[SourceQuality "1"]

1. Nf3 c5 2. g3 d5 3. Bg2 g6 4. 0-0 Bg7 5. c4 e6 6. cxd5 exd5 7. d4 c4 8. b3 cxb3 9. Qxb3 Nc6 10. e3 Nge7 11. Nc3 0-0 12. Ba3 Re8 13. Rac1 Na5 14. Qa4 Bd7 15. Qd1 Bc6 16. Ne5 Bxe5 17. dxe5 Nc4 18. Bxe7 Qxe7 19. Nxd5 Bxd5 20. Qxd5 Nxe5 21. Qxb7 Qxb7 22. Bxb7 Rab8 23. Rc7 Red8 24. e4 Rd7 25. Rxd7 Nxd7 26. Bc6 Nb6 27. Rd1 Kf8 28. h4 Rc8 29. Bd5 Ke7 30. Kg2 f6 31. Bb3 Rc3 32. Rd4 h6 33. Rb4 Kd6 34. Rb5 Kc6 35. Ra5 Kb7 36. e5 fxe5 37. Rxe5 Rc6 38. Re7+ Rc7 39. Re6 Rc6 40. Kf3 Kc7 41. Re7+ Kb8 42. Rh7 h5 43. Re7 a5 44. Re6 Rc3+ 45. Kg2 1-0

[Event "Barcelona Puig op 1st"]
[Site "Barcelona"]
[Date "2015.09.30"]
[Round "1.7"]
[White "Caballe Sasot, Roger"]
[Black "Dominguez Rueda, Juan"]
[Result "1/2-1/2"]
[WhiteElo "2037"]
[BlackElo "2257"]
[PlyCount "75"]
[EventDate "2015.09.30"]
[EventType "swiss"]
[EventRounds "9"]
[EventCountry "ESP"]
[SourceTitle "EXT 2024"]
[Source "ChessBase"]
[SourceDate "2023.10.10"]
[SourceVersion "1"]
[SourceVersionDate "2023.10.10"]
[SourceQuality "1"]

1. c4 e5 2. Nc3 d6 3. g3 f5 4. d3 Nf6 5. Bg2 Be7 6. e4 Nc6 7. Nge2 0-0 8. 0-0 Qe8 9. f4 fxe4 10. dxe4 exf4 11. Nxf4 Ne5 12. b3 c6 13. Ba3 Qd8 14. Qd2 Qa5 15. Bb2 Bd7 16. Kh1 Rad8 17. a3 Nfg4 18. h3 Nf6 19. Rad1 Qc7 20. Qe3 b6 21. Nce2 Qc8 22. Ng1 Rde8 23. Nd3 Qc7 24. Nxe5 dxe5 25. b4 Be6 26. Qc3 Nd7 27. Nf3 Rf7 28. Bc1 h6 29. Bb2 Ref8 30. Nh2 Bf6 31. Nf3 c5 32. b5 a6 33. a4 axb5 34. axb5 Ra8 35. Ra1 Rff8 36. Rxa8 Rxa8 37. Ra1 Rxa1+ 38. Bxa1 1/2-1/2

[Event "Barcelona Tupinamba op 9th"]
[Site "Barcelona"]
[Date "2014.04.23"]
[Round "6"]
[White "Caballe Sasot, Roger"]
[Black "Bieg Pagel, Clemens"]
[Result "0-1"]
[WhiteElo "2074"]
[BlackElo "2037"]
[PlyCount "70"]
[EventDate "2014.03.12"]
[EventType "swiss"]
[EventRounds "9"]
[EventCountry "ESP"]
[SourceTitle "EXT 2016"]
[Source "ChessBase"]
[SourceDate "2015.10.08"]
[SourceVersion "1"]
[SourceVersionDate "2015.10.08"]
[SourceQuality "1"]

1. f4 Nh6 2. e4 d5 3. e5 Bg4 4. Be2 Bxe2 5. Qxe2 e6 6. d4 a6 7. a4 c5 8. c3 Nc6 9. Nf3 Nf5 10. g4 Nh4 11. Be3 Nxf3+ 12. Qxf3 Qb6 13. Qf2 cxd4 14. cxd4 Rc8 15. 0-0 g6 16. Nc3 Be7 17. f5 gxf5 18. gxf5 Kd7 19. f6 Bb4 20. Ne2 Na5 21. Rac1 Nb3 22. Rxc8 Rxc8 23. Nf4 Rc4 24. Rd1 Qc6 25. Qh4 h6 26. Qxh6 Nxd4 27. Qh7 Nf3+ 28. Kf2 Nxe5 29. Ng6 Ng4+ 30. Kf3 d4+ 31. Kxg4 Qg2+ 32. Kh5 Qf3+ 33. Kh6 Qxe3+ 34. Kg7 fxg6 35. Kg8+ Kc6 0-1

[Event "Barcelona Tupinamba op 9th"]
[Site "Barcelona"]
[Date "2014.04.09"]
[Round "5"]
[White "Caballe Sasot, Roger"]
[Black "Molano Lafuente, Ismael"]
[Result "0-1"]
[WhiteElo "2074"]
[BlackElo "2172"]
[PlyCount "74"]
[EventDate "2014.03.12"]
[EventType "swiss"]
[EventRounds "9"]
[EventCountry "ESP"]
[SourceTitle "EXT 2016"]
[Source "ChessBase"]
[SourceDate "2015.10.08"]
[SourceVersion "1"]
[SourceVersionDate "2015.10.08"]
[SourceQuality "1"]

1. f4 d5 2. e3 Nf6 3. Nf3 Bg4 4. Be2 Bxf3 5. Bxf3 Nbd7 6. Nc3 e6 7. d4 c5 8. 0-0 Rc8 9. a4 Be7 10. Kh1 Nb6 11. Ne2 h5 12. b3 c4 13. c3 Rc7 14. b4 Nc8 15. b5 Nd6 16. Ba3 Nf5 17. Bxe7 Rxe7 18. Qd2 h4 19. Kg1 Nd6 20. g4 hxg3 21. Nxg3 Kd7 22. Rf2 Ree8 23. Rg2 Rh3 24. Qe2 Qa5 25. Qb2 g6 26. Qb4 Qxb4 27. cxb4 Nf5 28. Rf2 Nxe3 29. a5 Nf5 30. Bg2 Rhh8 31. b6 axb6 32. Nxf5 exf5 33. a6 bxa6 34. Rxa6 Kc6 35. Ra7 Re1+ 36. Rf1 Rxf1+ 37. Bxf1 Rh7 0-1

[Event "Catalunya Club op"]
[Site "Spain"]
[Date "1999.??.??"]
[Round "?"]
[White "Caballe Sasot, Roger"]
[Black "Castaner Harster, Xavier"]
[Result "0-1"]
[WhiteElo "2155"]
[BlackElo "2280"]
[PlyCount "130"]
[EventDate "1999.??.??"]
[EventType "swiss"]
[EventRounds "9"]
[EventCountry "ESP"]
[SourceTitle "EXT 2000"]
[Source "ChessBase"]
[SourceDate "1999.11.16"]
[SourceVersion "1"]
[SourceVersionDate "1999.11.16"]
[SourceQuality "1"]

1. f4 e5 2. fxe5 d6 3. exd6 Bxd6 4. Nf3 g5 5. d4 g4 6. Ne5 Bxe5 7. dxe5 Qxd1+ 8. Kxd1 Nc6 9. Bf4 Bf5 10. Nd2 0-0-0 11. e3 f6 12. exf6 Nxf6 13. Bd3 Bxd3 14. cxd3 Rxd3 15. Ke2 Rd7 16. Rad1 Re8 17. Nb3 Nh5 18. Rxd7 Nxf4+ 19. Kf2 Kxd7 20. exf4 Nb4 21. Rd1+ Kc6 22. a3 Na6 23. Nd4+ Kb6 24. Nc2 Nc5 25. Ne3 Ne4+ 26. Ke2 Nf6 27. Rd4 c6 28. Kd3 Kc7 29. b4 h5 30. g3 Rh8 31. f5 Ra8 32. Nc4 Nd5 33. Re4 Rd8 34. Kc2 Rf8 35. Re5 b5 36. Nd2 Rxf5 37. Rxf5 Ne3+ 38. Kd3 Nxf5 39. Ke4 Nd6+ 40. Kf4 Nc4 41. Nb1 Kd6 42. Kg5 Ne3 43. Kxh5 Ke5 44. Kg5 Kd4 45. Nd2 Kc3 46. Ne4+ Kb2 47. Nf6 Kxa3 48. Nxg4 Nxg4 49. Kxg4 Kxb4 50. h4 c5 51. h5 c4 52. h6 c3 53. h7 c2 54. h8Q c1Q 55. Qf8+ Kb3 56. Qb8 Qc5 57. Kh4 a5 58. g4 a4 59. g5 a3 60. g6 a2 61. Qg3+ Kb4 62. g7 Qc4+ 63. Kh3 a1Q 64. Qd6+ Kb3 65. Qg3+ Qac3 0-1

[Event "Barcelona Tres Peons op"]
[Site "Barcelona"]
[Date "1999.??.??"]
[Round "6"]
[White "Caballe Sasot, Roger"]
[Black "Daguro Dasalla, Armando"]
[Result "1-0"]
[WhiteElo "2155"]
[BlackElo "2045"]
[PlyCount "96"]
[EventDate "1999.??.??"]
[EventType "swiss"]
[EventRounds "9"]
[EventCountry "ESP"]
[SourceTitle "EXT 2000"]
[Source "ChessBase"]
[SourceDate "1999.11.16"]
[SourceVersion "1"]
[SourceVersionDate "1999.11.16"]
[SourceQuality "1"]

1. f4 d5 2. b3 Nf6 3. Bb2 g6 4. Nf3 Bg7 5. e3 0-0 6. Be2 Bg4 7. 0-0 e6 8. d3 Nbd7 9. Nbd2 c6 10. h3 Bxf3 11. Bxf3 Qb6 12. Qe2 a5 13. a4 Ne4 14. Bxg7 Nxd2 15. Qxd2 Kxg7 16. Kh1 Rad8 17. e4 dxe4 18. dxe4 Nf6 19. Qc3 Qd4 20. Qe1 Qc5 21. Qe2 Rfe8 22. Rad1 Rxd1 23. Rxd1 e5 24. g3 exf4 25. gxf4 Nd5 26. Qd2 Qc3 27. Qxc3+ Nxc3 28. Rd4 b5 29. e5 c5 30. Rd3 b4 31. Rd7 g5 32. Bh5 gxf4 33. Rxf7+ Kg8 34. Rf5 Re7 35. e6 Kg7 36. Bf7 Rc7 37. Rxf4 Nd5 38. Rg4+ Kf8 39. Re4 Nb6 40. Rh4 Kg7 41. Rg4+ Kf6 42. Rg8 Rc8 43. Kg2 c4 44. Rxc8 cxb3 45. cxb3 Nxc8 46. Kf3 Nd6 47. Ke3 Nf5+ 48. Kd3 Ke7 1-0

[Event "Catalunya Club op"]
[Site "Spain"]
[Date "1999.??.??"]
[Round "?"]
[White "Caballe Sasot, Roger"]
[Black "Martin Garcia, Carlos"]
[Result "0-1"]
[WhiteElo "2155"]
[BlackElo "2130"]
[PlyCount "72"]
[EventDate "1999.??.??"]
[EventType "swiss"]
[EventRounds "9"]
[EventCountry "ESP"]
[SourceTitle "EXT 2000"]
[Source "ChessBase"]
[SourceDate "1999.11.16"]
[SourceVersion "1"]
[SourceVersionDate "1999.11.16"]
[SourceQuality "1"]

1. f4 Nf6 2. Nf3 g6 3. e3 Bg7 4. Be2 0-0 5. 0-0 d5 6. d4 c5 7. c3 b6 8. Ne5 Nfd7 9. Bf3 Bb7 10. a4 f6 11. Ng4 f5 12. Ne5 Nxe5 13. dxe5 e6 14. Bd2 Ba6 15. Rf2 Bd3 16. Be1 c4 17. Be2 Bxe2 18. Qxe2 Nd7 19. Na3 Rf7 20. Nb5 Bf8 21. Nd4 Nc5 22. g4 Qd7 23. Rg2 Rg7 24. Bh4 Be7 25. Bxe7 Qxe7 26. a5 Rc8 27. Kh1 Qd7 28. axb6 axb6 29. Ra3 Rb8 30. Rg1 b5 31. g5 Qe8 32. Rga1 Rgb7 33. Ra5 Qc8 34. Nc2 Nb3 35. Nd4 Nxa5 36. Rxa5 b4 0-1

[Event "Barcelona op-A"]
[Site "Barcelona"]
[Date "1998.??.??"]
[Round "5"]
[White "Castells Prat, Pere"]
[Black "Caballe Sasot, Roger"]
[Result "1-0"]
[WhiteElo "2100"]
[BlackElo "2145"]
[PlyCount "59"]
[EventDate "1998.??.??"]
[EventType "swiss"]
[EventRounds "8"]
[EventCountry "ESP"]
[SourceTitle "EXT 2019"]
[Source "ChessBase"]
[SourceDate "2018.10.10"]
[SourceVersion "1"]
[SourceVersionDate "2018.10.10"]
[SourceQuality "1"]

1. e4 c5 2. d3 Nc6 3. g3 d6 4. Bg2 g6 5. f4 Bg7 6. Nf3 Nh6 7. c3 0-0 8. 0-0 Kh8 9. h3 f5 10. Be3 Nf7 11. Nbd2 Bd7 12. Kh2 b5 13. exf5 gxf5 14. d4 c4 15. d5 Na5 16. Nd4 Qc8 17. Bg1 Nb7 18. Ne6 Bxe6 19. dxe6 Nfd8 20. Re1 a5 21. Nf3 Ra6 22. Nd4 b4 23. Qh5 bxc3 24. bxc3 Nc5 25. Nxf5 Ndxe6 26. Nxg7 Kxg7 27. Qg4+ Kh8 28. Bd5 Rg8 29. Bxe6 Rxg4 30. Bd4+ 1-0

[Event "Barcelona op-A"]
[Site "Barcelona"]
[Date "1998.??.??"]
[Round "3"]
[White "Madrid Sole, Antonio"]
[Black "Caballe Sasot, Roger"]
[Result "0-1"]
[WhiteElo "2090"]
[BlackElo "2145"]
[PlyCount "82"]
[EventDate "1998.??.??"]
[EventType "swiss"]
[EventRounds "8"]
[EventCountry "ESP"]
[SourceTitle "EXT 2019"]
[Source "ChessBase"]
[SourceDate "2018.10.10"]
[SourceVersion "1"]
[SourceVersionDate "2018.10.10"]
[SourceQuality "1"]

1. d4 d5 2. e3 e6 3. Bd3 f5 4. Nd2 Nf6 5. c3 Be7 6. f4 c5 7. Ngf3 Ne4 8. 0-0 0-0 9. Ne5 Nd7 10. Nxd7 Bxd7 11. Nf3 c4 12. Be2 b5 13. a3 a5 14. Bd2 Qb6 15. Ne5 Be8 16. Be1 Ra7 17. Bf3 Bf6 18. Qe2 Nd6 19. Kh1 Kh8 20. Bf2 g5 21. h3 Rg7 22. g4 Ne4 23. Rad1 Bxe5 24. dxe5 Nxf2+ 25. Rxf2 fxg4 26. Bxg4 gxf4 27. exf4 Bg6 28. Rd4 b4 29. axb4 axb4 30. Qd2 bxc3 31. bxc3 Qb1+ 32. Qd1 Be4+ 33. Kh2 Qb6 34. Rdd2 Qe3 35. Rde2 Qxc3 36. Rxe4 dxe4 37. Qd6 Rfg8 38. Qxe6 e3 39. Rf1 Qd2+ 40. Kh1 Qd3 41. Kg1 Rxg4+ 0-1

[Event "Terrassa op"]
[Site "Terrassa"]
[Date "1996.??.??"]
[Round "7"]
[White "Caballe Sasot, Roger"]
[Black "Anglada Bigorda, Josep"]
[Result "0-1"]
[WhiteElo "2120"]
[BlackElo "2285"]
[PlyCount "92"]
[EventDate "1996.07.??"]
[EventType "swiss"]
[EventRounds "9"]
[EventCountry "ESP"]
[SourceTitle "EXT 2002"]
[Source "ChessBase"]
[SourceDate "2001.11.25"]
[SourceVersion "1"]
[SourceVersionDate "2001.11.25"]
[SourceQuality "1"]

1. f4 d5 2. e3 Nf6 3. Nf3 g6 4. d4 Bg7 5. Bd3 0-0 6. 0-0 c5 7. c3 b6 8. Qe2 Bb7 9. Rd1 Qc7 10. Nbd2 Nbd7 11. Ne5 Rad8 12. Ndf3 Ne4 13. Nxd7 Rxd7 14. Ne5 Rdd8 15. Bxe4 dxe4 16. Ng4 Qc6 17. Bd2 h5 18. Ne5 Qe8 19. dxc5 Bxe5 20. fxe5 bxc5 21. Be1 Qc6 22. Rxd8 Rxd8 23. Rd1 Rd3 24. Rxd3 exd3 25. Qd2 Qe4 26. Qf2 Qxe5 27. Qf4 Qe6 28. Kf2 Qc6 29. e4 c4 30. Bd2 Qb6+ 31. Kg3 Qd8 32. Qe5 Qd7 33. Kf2 f6 34. Qb8+ Bc8 35. Qb4 Qe6 36. b3 Ba6 37. Qb8+ Kf7 38. Qxa7 cxb3 39. axb3 Qxe4 40. Qxa6 Qe2+ 41. Kg3 Qxd2 42. Qc4+ Kg7 43. Qe6 Qxc3 44. Qxe7+ Kh6 45. Qe3+ g5 46. b4 Qxb4 0-1

[Event "Manresa op"]
[Site "Manresa"]
[Date "1995.??.??"]
[Round "1"]
[White "Caballe Sasot, Roger"]
[Black "Anagnostopoulos, Dimitrios"]
[Result "1/2-1/2"]
[WhiteElo "2450"]
[BlackElo "2095"]
[PlyCount "144"]
[EventDate "1995.??.??"]
[EventType "swiss"]
[EventRounds "9"]
[EventCountry "ESP"]
[SourceTitle "EXT 1998"]
[Source "ChessBase"]
[SourceDate "1997.11.17"]
[SourceVersion "1"]
[SourceVersionDate "1997.11.17"]
[SourceQuality "1"]

1. f4 e5 2. fxe5 d6 3. exd6 Bxd6 4. Nf3 g5 5. d4 g4 6. Ne5 Bxe5 7. dxe5 Qxd1+ 8. Kxd1 Nc6 9. Bf4 Be6 10. e3 0-0-0+ 11. Nd2 Nge7 12. Bb5 Bd5 13. Ke2 Ng6 14. Bxc6 Bxc6 15. Rhf1 Rd7 16. Rf2 Rhd8 17. Ke1 Re8 18. Rd1 Nxe5 19. Bxe5 Rxe5 20. Nc4 Rxd1+ 21. Kxd1 Re7 22. Kd2 Bd5 23. b3 b6 24. Rf4 h5 25. g3 Be4 26. Rf6 Bg6 27. Nb2 Re6 28. Rxe6 fxe6 29. Nc4 Kd8 30. c3 Ke7 31. Ne5 Be4 32. Nd3 Kf6 33. b4 e5 34. a4 Ke6 35. c4 Kd6 36. Nf2 Bg6 37. Kc3 a5 38. e4 Be8 39. Kb3 Bc6 40. Ka3 Be8 41. Kb3 axb4 42. Kxb4 c5+ 43. Ka3 Bc6 44. Kb3 Kc7 45. Ka3 Kb7 46. Kb3 Ka7 47. Nd3 Bxe4 48. Nxe5 Kb7 49. Kc3 Ka6 50. Nd7 Ka5 51. Nf6 Bg6 52. Nd5 Bf7 53. Kd3 Be8 54. Kc3 Bxa4 55. Nf6 Ka6 56. Nxh5 Bd7 57. Nf6 Be6 58. Ne4 Kb7 59. Nd2 Bf5 60. Nf1 Kc6 61. Ne3 Be6 62. Kd3 b5 63. cxb5+ Kxb5 64. Kc3 Bc8 65. Nd5 Bf5 66. Nf4 Kc6 67. Kc4 Kd6 68. Kb5 Bc8 69. Nd3 Bd7+ 70. Kc4 Be6+ 71. Kc3 Kc6 72. Nf4 Bf5 1/2-1/2